000 00440nam a2200181Ia 4500
001 12101
005 20260306162916.0
008 260306t2014||||xx |||||||||||||| ||spa||
041 _aESP
082 _aHR 1347
_bELTELJ
100 _aEotvos Loránd University. Faculty of Law
_eAUT
245 0 _aElte law journal
260 _c2014
300 _a245 páginas :
_c23 cm.
650 _aGEN
654 _aCHU
942 _cREV
_dJUS
_fJUS
_2ddc
_n
999 _c12101
_d12101